| 000 | 01231 a2200241 4500 | ||
|---|---|---|---|
| 005 | 20080902162028.0 | ||
| 010 | _aHIN-78860 | ||
| 020 | _c120.00 | ||
| 035 | _aHN-51206 | ||
| 037 | _bD.B.Act / ven | ||
| 082 | _a310 | ||
| 245 |
_aसांख्यिकी: एक सरल अध्ययन _cसंपादक एन.एन.ओझा |
||
| 246 | _aSankhyiki; Ek Saral Adhyayn | ||
| 260 |
_aनई दिल्ली _bक्राँनिकल बुक्स _c2007 |
||
| 260 | _aनई दिल्ली (वितरक) पैन्सी बुक्स | ||
| 270 |
_aए-26,सेक्टर-2, _bनई दिल्ली _e201301 _k0120-2440265-66 _l0120-2440268 _mcirculation@chronicleindia.com |
||
| 270 |
_aआर.जेड-66ए,सोमेश विहार चावला _e110071 |
||
| 300 |
_a401पृ _c22 सेमी (अजिल्द) |
||
| 650 |
_aStatistic _942438 |
||
| 700 |
_aओझा, एन.एन. _942439 |
||
| 942 |
_adpl _cHN _k310 / सांख्यिकी _2ddc _h310 _mसांख्यिक |
||
| 999 |
_c877 _d877 |
||